[Event "Nairobi op"]
[Site "Nairobi"]
[Date "2023.04.06"]
[Round "1"]
[White "Kamau, Sam"]
[Black "Mukose, Emmanuel"]
[Result "0-1"]
[WhiteElo "1412"]
[BlackElo "1779"]
[PlyCount "52"]
[EventDate "2023.04.06"]
[EventType "swiss"]
[EventRounds "9"]
[EventCountry "KEN"]
[SourceTitle "EXT 2024"]
[Source "ChessBase"]
[SourceDate "2023.10.10"]
[SourceVersion "1"]
[SourceVersionDate "2023.10.10"]
[SourceQuality "1"]

1. d4 Nf6 2. c4 g6 3. Nc3 Bg7 4. e4 d6 5. h3 0-0 6. Be3 Nc6 7. Qd2 a5 8. Nge2 e5 9. d5 Nb4 10. f4 Qe8 11. Ng3 exf4 12. Bxf4 Nxe4 13. Ncxe4 f5 14. 0-0-0 fxe4 15. a3 Qa4 16. Be3 Qb3 17. Nxe4 Bxb2+ 18. Qxb2 Qxe3+ 19. Nd2 Rxf1 20. axb4 Rxh1 21. Rxh1 axb4 22. Rf1 Bf5 23. g4 Bd3 24. Qf6 Bxf1 25. Qe6+ Qxe6 26. dxe6 Bxh3 0-1

[Event "Nairobi op"]
[Site "Nairobi"]
[Date "2023.04.06"]
[Round "2"]
[White "Mukose, Emmanuel"]
[Black "Karsten, Jan"]
[Result "0-1"]
[WhiteElo "1779"]
[BlackElo "2292"]
[PlyCount "34"]
[EventDate "2023.04.06"]
[EventType "swiss"]
[EventRounds "9"]
[EventCountry "KEN"]
[SourceTitle "EXT 2024"]
[Source "ChessBase"]
[SourceDate "2023.10.10"]
[SourceVersion "1"]
[SourceVersionDate "2023.10.10"]
[SourceQuality "1"]

1. e4 c5 2. Nf3 d6 3. d4 cxd4 4. Nxd4 Nf6 5. Nc3 a6 6. Bg5 Nbd7 7. f4 Qc7 8. Qf3 h6 9. Bh4 g5 10. fxg5 hxg5 11. Bxg5 Qc5 12. Qe3 Ng4 13. Qd2 Nxh2 14. Be3 Ne5 15. 0-0-0 Neg4 16. Nf5 Nxe3 17. Qxe3 Bh6 0-1

[Event "Kigali Genocide Memorial op"]
[Site "Kigali"]
[Date "2022.06.11"]
[Round "4"]
[White "Nsubuga, Haruna"]
[Black "Mukose, Emmanuel"]
[Result "1-0"]
[WhiteElo "2153"]
[BlackElo "1786"]
[PlyCount "73"]
[EventDate "2022.06.10"]
[EventType "swiss"]
[EventRounds "6"]
[EventCountry "RWA"]
[SourceTitle "EXT 2023"]
[Source "ChessBase"]
[SourceDate "2022.10.05"]
[SourceVersion "1"]
[SourceVersionDate "2022.10.05"]
[SourceQuality "1"]

1. d4 d5 2. Nf3 c6 3. c4 e6 4. Nc3 f5 5. cxd5 exd5 6. Bg5 Nf6 7. e3 Be7 8. Ne5 0-0 9. Bxf6 Bxf6 10. f4 Nd7 11. g3 a5 12. Bd3 Bxe5 13. fxe5 Qg5 14. Qf3 a4 15. a3 Nb6 16. 0-0 Be6 17. Rae1 Rf7 18. Rf2 Raf8 19. Qd1 Ra8 20. Qc2 h5 21. Ne2 Qxe3 22. Qc3 Qh6 23. Ref1 Raf8 24. Nf4 Nc4 25. Be2 h4 26. gxh4 b5 27. Rg2 Rc7 28. Rg6 Qxh4 29. Nxe6 Qh7 30. Nxf8 Kxf8 31. Rxf5+ Kg8 32. Rfg5 Qh4 33. Rg4 Qh7 34. Bxc4 dxc4 35. Qa5 Rf7 36. e6 Rf8 37. Qc7 1-0

[Event "Kampala Kantinti Zabasajja Memorial"]
[Site "Kampala"]
[Date "2022.02.01"]
[Round "5"]
[White "Mukose, Emmanuel"]
[Black "Obita, Francis"]
[Result "1-0"]
[WhiteElo "1770"]
[BlackElo "1691"]
[PlyCount "117"]
[EventDate "2022.01.30"]
[EventType "swiss"]
[EventRounds "8"]
[EventCountry "UGA"]
[SourceTitle "EXT 2023"]
[Source "ChessBase"]
[SourceDate "2022.10.05"]
[SourceVersion "1"]
[SourceVersionDate "2022.10.05"]
[SourceQuality "1"]

1. e4 c5 2. Nf3 d6 3. d4 cxd4 4. Nxd4 Nf6 5. Nc3 a6 6. Bg5 e6 7. f4 Be7 8. Bc4 b5 9. Bb3 b4 10. e5 dxe5 11. fxe5 Nfd7 12. Bxe7 Qxe7 13. Ne4 Qh4+ 14. Ng3 Nxe5 15. Nf3 Qf4 16. 0-0 Nxf3+ 17. Rxf3 Qc7 18. Qd4 Qa7 19. Rd1 0-0 20. Rfd3 g6 21. Ne4 Nd7 22. Nd6 Ne5 23. Nxc8 Qxd4+ 24. Rxd4 Nc6 25. Nb6 Nxd4 26. Rxd4 Rab8 27. Nd7 Rfd8 28. Nxb8 Rxd4 29. Nxa6 e5 30. Nb8 e4 31. Nc6 Rd2 32. Nxb4 e3 33. c4 Rxb2 34. Kf1 Kf8 35. Nc2 Ke7 36. Ke2 Kd6 37. Kxe3 Kc5 38. Kd2 Rb1 39. Ne1 f5 40. Nd3+ Kd6 41. Nc1 Rb2+ 42. Bc2 h5 43. c5+ Kd5 44. Kc3 Rb8 45. Nd3 g5 46. Bb3+ Ke4 47. c6 g4 48. c7 Rc8 49. Nc5+ Ke5 50. Na6 f4 51. Kd3 h4 52. Ke2 Kd6 53. Bc2 Ke5 54. Kf2 g3+ 55. hxg3 fxg3+ 56. Ke3 h3 57. gxh3 g2 58. Kf2 Rg8 59. Kg1 1-0

[Event "Kampala Kantinti Zabasajja Memorial"]
[Site "Kampala"]
[Date "2022.01.31"]
[Round "3"]
[White "Takali, Milly"]
[Black "Mukose, Emmanuel"]
[Result "0-1"]
[WhiteElo "1434"]
[BlackElo "1770"]
[PlyCount "78"]
[EventDate "2022.01.30"]
[EventType "swiss"]
[EventRounds "8"]
[EventCountry "UGA"]
[SourceTitle "EXT 2023"]
[Source "ChessBase"]
[SourceDate "2022.10.05"]
[SourceVersion "1"]
[SourceVersionDate "2022.10.05"]
[SourceQuality "1"]

1. d4 d5 2. c4 e6 3. Nc3 c6 4. cxd5 exd5 5. Nf3 f5 6. Ne5 Nf6 7. Bg5 Be7 8. e3 0-0 9. Bd3 Ne4 10. Bxe7 Qxe7 11. 0-0 Nd7 12. f4 Nxe5 13. fxe5 Be6 14. Rc1 Qg5 15. Rf4 Qh6 16. Qe1 g5 17. Rf3 Rae8 18. Bxe4 fxe4 19. Rxf8+ Rxf8 20. Qg3 Qg6 21. Na4 Qf5 22. Nc5 Bc8 23. h3 h5 24. Qe1 g4 25. h4 a6 26. Rc2 Qg6 27. g3 Rf3 28. Kg2 Qh6 29. Rc3 a5 30. Nb3 b6 31. Nd2 Rf7 32. Qc1 Bb7 33. a3 c5 34. dxc5 d4 35. c6 dxc3 36. cxb7 Rxb7 37. Qxc3 Qf8 38. e6 b5 39. Qc6 Re7 0-1

[Event "Kampala Rwabushenyi Memorial"]
[Site "Kampala"]
[Date "2021.12.04"]
[Round "5"]
[White "Bitarinsa, Arthur"]
[Black "Mukose, Emmanuel"]
[Result "0-1"]
[WhiteElo "1608"]
[BlackElo "1775"]
[PlyCount "74"]
[EventDate "2021.12.02"]
[EventType "swiss"]
[EventRounds "8"]
[EventCountry "UGA"]
[SourceTitle "EXT 2023"]
[Source "ChessBase"]
[SourceDate "2022.10.05"]
[SourceVersion "1"]
[SourceVersionDate "2022.10.05"]
[SourceQuality "1"]

1. e4 c5 2. Nf3 d6 3. d3 Nf6 4. g3 e5 5. Bg2 Be7 6. 0-0 Nc6 7. Nc3 h5 8. h4 Bg4 9. Qe1 Qd7 10. Nd2 Nd4 11. f3 Nxc2 12. Qf2 Bh3 13. Rb1 Bxg2 14. Kxg2 Nb4 15. Qe2 Nh7 16. Nc4 g5 17. hxg5 Bxg5 18. a3 Bxc1 19. Rbxc1 Nc6 20. Nd5 b5 21. Nce3 Nd4 22. Qf2 0-0-0 23. Rh1 Ng5 24. Nf6 Qe6 25. Nxh5 Ngxf3 26. b4 Qg6 27. g4 Rdg8 28. Kf1 c4 29. Rh3 Ng5 30. Rh2 Kb8 31. Nf5 Ngf3 32. Rg2 cxd3 33. Rd1 Qe6 34. Rxd3 Qc4 35. Qe3 Rxh5 36. gxh5 Rxg2 37. Kxg2 Qxd3 0-1

[Event "Kampala Rwabushenyi Memorial"]
[Site "Kampala"]
[Date "2021.12.03"]
[Round "4"]
[White "Mukose, Emmanuel"]
[Black "Takali, Milly"]
[Result "1-0"]
[WhiteElo "1775"]
[BlackElo "1422"]
[PlyCount "43"]
[EventDate "2021.12.02"]
[EventType "swiss"]
[EventRounds "8"]
[EventCountry "UGA"]
[SourceTitle "EXT 2023"]
[Source "ChessBase"]
[SourceDate "2022.10.05"]
[SourceVersion "1"]
[SourceVersionDate "2022.10.05"]
[SourceQuality "1"]

1. e4 e6 2. d4 d5 3. Nc3 Nf6 4. e5 Nfd7 5. Nf3 c5 6. Bg5 Qb6 7. dxc5 Qxc5 8. Bd3 Nc6 9. 0-0 h6 10. Be3 Qb4 11. Nb5 Qa5 12. a3 Ncxe5 13. b4 Nxf3+ 14. Qxf3 Qd8 15. Qg3 e5 16. Rfe1 a6 17. Nc3 d4 18. b5 axb5 19. Bxb5 dxe3 20. Qxe5+ Be7 21. Qxg7 Bf6 22. Rxe3+ 1-0

[Event "Kampala m5"]
[Site "Kampala"]
[Date "2021.10.14"]
[Round "3"]
[White "Yaqeen, Muizzuddin"]
[Black "Mukose, Emmanuel"]
[Result "1-0"]
[WhiteElo "1673"]
[BlackElo "1714"]
[PlyCount "47"]
[EventDate "2021.10.14"]
[EventType "match (rapid)"]
[EventRounds "5"]
[EventCountry "UGA"]
[SourceTitle "EXT 2023"]
[Source "ChessBase"]
[SourceDate "2022.10.05"]
[SourceVersion "1"]
[SourceVersionDate "2022.10.05"]
[SourceQuality "1"]

1. e4 c5 2. Nf3 d6 3. c4 Nf6 4. Bd3 Nc6 5. h3 Nb4 6. Bc2 Nxc2+ 7. Qxc2 e6 8. d4 cxd4 9. Nxd4 Be7 10. 0-0 0-0 11. Nc3 a6 12. Be3 Qc7 13. b3 b6 14. Rac1 Bb7 15. f3 Rac8 16. a4 Rfe8 17. Qd2 Nh5 18. Bf2 h6 19. Be3 Ng3 20. Rfd1 e5 21. Nde2 Nh5 22. Nd5 Bxd5 23. cxd5 Qb7 24. Qb4 1-0

[Event "Kampala m5"]
[Site "Kampala"]
[Date "2021.10.14"]
[Round "5"]
[White "Yaqeen, Muizzuddin"]
[Black "Mukose, Emmanuel"]
[Result "0-1"]
[WhiteElo "1673"]
[BlackElo "1714"]
[PlyCount "46"]
[EventDate "2021.10.14"]
[EventType "match (rapid)"]
[EventRounds "5"]
[EventCountry "UGA"]
[SourceTitle "EXT 2023"]
[Source "ChessBase"]
[SourceDate "2022.10.05"]
[SourceVersion "1"]
[SourceVersionDate "2022.10.05"]
[SourceQuality "1"]

1. e4 e5 2. Nf3 Nf6 3. Nxe5 Nc6 4. Nxc6 dxc6 5. Nc3 Bc5 6. h3 0-0 7. Bc4 Bxf2+ 8. Kxf2 Qd4+ 9. Ke1 Qxc4 10. d3 Qd4 11. Qe2 Bd7 12. Bf4 Rfe8 13. Bxc7 Nd5 14. Nxd5 cxd5 15. c3 Qc5 16. Bg3 dxe4 17. d4 Qg5 18. Bh2 Bc6 19. Rf1 e3 20. Qg4 Qd5 21. Qf3 Qb5 22. Qe2 Qxe2+ 23. Kxe2 Bb5+ 0-1

[Event "Kampala Kireka op 3rd"]
[Site "Kampala"]
[Date "2018.12.29"]
[Round "6"]
[White "Obita, Francis"]
[Black "Mukose, Emmanuel"]
[Result "0-1"]
[WhiteElo "1804"]
[BlackElo "1814"]
[PlyCount "39"]
[EventDate "2018.12.27"]
[EventType "swiss"]
[EventRounds "8"]
[EventCountry "UGA"]
[SourceTitle "CBM 188 Extra"]
[Source "ChessBase"]
[SourceDate "2019.02.26"]
[SourceVersion "1"]
[SourceVersionDate "2019.02.26"]
[SourceQuality "1"]

1. d4 d5 2. c4 c6 3. Nf3 e6 4. Nc3 Bd6 5. c5 Bc7 6. a3 f5 7. b4 Nf6 8. e3 Bd7 9. Be2 0-0 10. 0-0 Be8 11. a4 a6 12. Bb2 Nbd7 13. Qb3 Bh5 14. Rad1 Ne4 15. Qc2 g5 16. Nxe4 fxe4 17. Ne5 Bxe2 18. Qxe2 Bxe5 19. dxe5 Rf5 20. Qg4 0-1

[Event "Kampala Kawuma op"]
[Site "Kampala"]
[Date "2018.03.11"]
[Round "8"]
[White "Mukose, Emmanuel"]
[Black "Charles, Cleophas"]
[Result "1-0"]
[WhiteElo "1823"]
[BlackElo "1374"]
[PlyCount "40"]
[EventDate "2018.03.08"]
[EventType "swiss"]
[EventRounds "8"]
[EventCountry "UGA"]
[SourceTitle "EXT 2019"]
[Source "ChessBase"]
[SourceDate "2018.10.10"]
[SourceVersion "1"]
[SourceVersionDate "2018.10.10"]
[SourceQuality "1"]

1. Nf3 Nf6 2. d4 d5 3. c4 c6 4. g3 Bf5 5. Nc3 e6 6. Bg2 Bb4 7. 0-0 Nbd7 8. c5 Qc7 9. Bf4 Qc8 10. Bd6 Bxc3 11. bxc3 Ne4 12. Qb3 Nxd6 13. cxd6 0-0 14. Nh4 Bg6 15. Nxg6 fxg6 16. e4 Nb6 17. e5 Qd7 18. a4 Rf7 19. Ra2 Nc4 20. Re2 Raf8 1-0